=LDR 00000nam 2200000 4500 =001 INLIS000000000060738 =005 20220323120346 =035 ##$$a 0010-0322000091 =007 ta =008 220323###########################0#ind## =020 ##$$a 978-623-7267-14-0 =082 ##$$a 664.24 =084 ##$$a 664.24 Sug k =100 #$$a Sugihartono =245 1#$$a Kolagen & Gelatin : $b Untuk Industri Pangan dan Kesehatan =260 ##$$a Yogyakarta :$b Lily Publisher,$c 2019 =300 ##$$a 132 halaman : $b Ilustrasi ; $c 22 cm. =650 #4$$a Kolagen - Teknologi Pangan =990 ##$$a 10081008 =990 ##$$a 10081008 =990 ##$$a 10081008 =990 ##$$a 10081008